000
00242 a2200085 4500
020
_a
9789383419067
100
_a
Meenakshi Singhal
245
_a
Planning of Towns and Cities: Past Approaches and Current Practices
260
_b
Copal publishing
_c
2021
999
_c
11105
_d
11105